Vista normal
Vista MARC
Entrada Materia (personas)
Número de registros utilizados en: 2
001 - CONTROL NUMBER
- control field: 32820
003 - CONTROL NUMBER IDENTIFIER
- control field: Co-BoUCM
005 - DATE AND TIME OF LATEST TRANSACTION
- control field: 20130315132906.0
008 - FIXED-LENGTH DATA ELEMENTS
- fixed length control field: 130315|| aca||aabn | a|a d
040 ## - CATALOGING SOURCE
- Original cataloging agency: Co-BoUCM
- Transcribing agency: Co-BoUCM
100 ## - HEADING--PERSONAL NAME
- Personal name: Benavente, Jacinto
- Dates associated with a name: 1866-1954
670 ## - SOURCE DATA FOUND
- Source citation: Work cat.: (Co-BoUCM)76651: Benavente, Jacinto 1866-1954, Los intereses creados, 1970